Odborný text ako nástroj cudzojazyčnej odbornej výučby na univerzitách nefilologického zamerania

Saved in:
Bibliographic Details
Main Author: Šukolová, Lucia, 1984-
Format: Book Chapter
Language:Slovak
Tags: Add Tag
No Tags, Be the first to tag this record!

MARC

LEADER 00000naa$a2200000$$$4500
001 0247545
005 20240502083700.2
041 0 |a slo 
044 |a CZ 
245 1 0 |a Odborný text ako nástroj cudzojazyčnej odbornej výučby na univerzitách nefilologického zamerania  |c Lucia Šukolová 
100 1 |a Šukolová, Lucia, 1984-